Elementary mechanics / (Record no. 8894)
[ view plain ]
| 000 -LEADER | |
|---|---|
| fixed length control field | 00739nam a22002412 4500 |
| 001 - CONTROL NUMBER | |
| control field | 8894 |
| 003 - CONTROL NUMBER IDENTIFIER | |
| rucl marc code | BD-RjUL |
| 005 - DATE AND TIME OF LATEST TRANSACTION | |
| control field | 20211208234656.0 |
| 008 - FIXED-LENGTH DATA ELEMENTS--GENERAL INFORMATION | |
| fixed length control field | 140119m19641957enk 001 0 eng d |
| 035 ## - SYSTEM CONTROL NUMBER | |
| System control number | OCLC ocm31975116 from D971015M |
| -- | (BD-RjUL)8939 |
| 040 ## - CATALOGING SOURCE | |
| Original cataloging agency | LHL |
| Transcribing agency | LHL |
| Modifying agency | EQO |
| -- | BD-RjUL |
| Language of cataloging | eng |
| 041 ## - LANGUAGE CODE | |
| Language code of text/sound track or separate title | eng |
| 082 ## - DEWEY DECIMAL CLASSIFICATION NUMBER | |
| Classification number | 531 |
| Author mark and year | QUE 1964 |
| 090 ## - LOCALLY ASSIGNED LC-TYPE CALL NUMBER (OCLC); LOCAL CALL NUMBER (OCLC) | |
| Classification number (OCLC) (R) ; Classification number, CALL (RLIN) (NR) | QC125 |
| Local cutter number (OCLC) ; Book number/undivided call number, CALL (RLIN) | .Q8 1957 |
| 100 1# - MAIN ENTRY--PERSONAL NAME | |
| Personal name | Quadling, D. A. |
| 9 (RLIN) | 27651 |
| 245 10 - TITLE STATEMENT | |
| Title | Elementary mechanics / |
| Statement of responsibility, etc. | D. A. Quadling and A. R. D. Ramsay. |
| 260 ## - PUBLICATION, DISTRIBUTION, ETC. (IMPRINT) | |
| Place of publication, distribution, etc. | London : |
| Name of publisher, distributor, etc. | G. Bell, |
| Date of publication, distribution, etc. | c1957 [Reprint 1964]. |
| 300 ## - PHYSICAL DESCRIPTION | |
| Pagination | viii, 272 p. : |
| Illustrations | illus. ; |
| Size | 22 cm. |
| 504 ## - BIBLIOGRAPHY, ETC. NOTE | |
| Bibliography, etc | Includes Index. |
| 650 #0 - SUBJECT ADDED ENTRY--TOPICAL TERM | |
| Topical term or geographic name as entry element | Mechanics. |
| 9 (RLIN) | 27652 |
| 700 1# - ADDED ENTRY--PERSONAL NAME | |
| Personal name | Ramsay, A. R. D. |
| Fuller form of name | (Allan Richard Dalhousie) |
| 942 ## - ADDED ENTRY ELEMENTS (KOHA) | |
| Source of classification or shelving scheme | Dewey Decimal Classification |
| Koha item type | Books |
| Lost status | Source of classification or shelving scheme | Materials specified (bound volume or other part) | Damaged status | Not for loan | Collection code | Permanent Location | Current Location | Shelving location | Date acquired | Source of acquisition | Cost, normal purchase price | Total Checkouts | Full call number | Date last seen | Copy number | Koha item type |
|---|---|---|---|---|---|---|---|---|---|---|---|---|---|---|---|---|
| Dewey Decimal Classification | V-1 | Not For Loan | Non-fiction | Central Library, University of Rajshahi | Central Library, University of Rajshahi | 14/03/1973 | British council | 0.00 | 531 QUE 1964 | 19/01/2014 | C-1 | Books |